000 00604cam a2200217 a 4500
001 14275671
005 20180313043808.0
008 060223s2007 nyua 001 0 eng
010 _a 2006922923
020 _a0716766825 (cloth)
040 _aDLC
_cDLC
_dDLC
041 _aeng
080 _a54 HAR
082 _a54 HAR
100 1 _a12
101 _aKIM
245 1 0 _aQuantitative chemical analysis /
_cDaniel C. Harris.
906 _a7
_bcbc
_corignew
_d2
_eepcn
_f20
_gy-gencatlg
942 _2ddc
_cBK
999 _c44807
_d44807